000 00631nam a2200265Ia 4500
005 20251020182456.0
008 200515s9999 xx 000 0 und d
020 _a968-24-7436-1
082 _a624.042/C29
100 _aCastillo Basurto, José Luis
245 0 _aEstática para ingenieros y arquitectos
250 _a2a ed.
260 _aMéxico, D.F.
260 _bTrillas
260 _c2006
300 _a302 p.
300 _bil., tbl., graf.
500 _a1 ejemplar
650 _aARQUITECTURA
650 _aESTATICA
650 _aESTATICA GRAFICA
650 _aINGENIERIA
942 _cLIB
999 _c1011
_d1011